000 00407nam a22001697a 4500
005 20251108175213.0
008 250721s1984 xx 000 0 eng d
082 1 4 _a954/EIF
100 1 _aelford, george robert
245 1 0 _aDevils guard george robert elford /
264 1 _anew york :
_c1984.
300 _a349P.
650 1 7 _aINDOCHINA
650 1 7 _aHISTORY
942 _2ddc
_cBK
999 _c128623
_d128623